| 000 | 00471nam a2200157 a 4500 | ||
|---|---|---|---|
| 001 | 000028628 | ||
| 005 | 20200930055038.0 | ||
| 008 | 110411s1965 dr 000 | spa d | ||
| 040 |
_aDO-SdBNP _bspa _cBNPHU |
||
| 082 |
_axxx _bG615s |
||
| 100 | 1 |
_aGoico Castro, Manuel de Jesús _923255 |
|
| 245 | 1 | 0 |
_aSeibanidad secular : _bdiscurso / _cManuel de Jesús Goico Castro. |
| 260 |
_aSanto Domingo : _bEditora del Caribe, _c1965. |
||
| 300 |
_a32 p. ; _c15 cm. |
||
| 049 | _aBNPD | ||
| 999 |
_c28120 _d28120 |
||